000 01272nam a2200241Ia 4500
003 PE SENCICO BE
005 20251020182438.0
008 200515s9999 xx 000 0 und d
040 _aPE SENCICO BE
_cPE SENCICO BE
041 _aspa
082 _a516
_bJ92
100 1 _aJurgensen, Ray C.
_93183
_eautor
245 1 0 _aGeometría moderna :
_bestructura y método /
_cRay C. Jurgensen, Alfred J. Donnelly, Mary P. Dolciani
260 _aMéxico D.F. :
_bPublicaciones Cultural ;
_c1977
300 _a590 páginas :
_btablas, diagramas ;
_c23 cm.
505 0 _aElementos de geometría -- La inducción como método de descubrimiento -- Deducción y demostración -- Relaciones entre ángulos; rectas perpendiculares -- Rectas paralelas y planos -- Triángulos congruentes -- Polígonos semejantes -- Trigonometría -- Circunferencia, arcos y ángulos -- Construcciones y lugares geométricos -- Geometría de coordenadas - métodos -- Geometría de coordenadas: demostraciones -- Áreas de polígonos y de círculos -- Áreas y volúmenes de sólidos.
650 1 0 _aGeometría
_921
650 2 0 _aPolígonos
_93141
650 2 0 _aTrigonometría
_92104
700 1 _93184
_aDonnelly, Alfred J.
_eautor
700 1 _93114
_aDolciani, Mary P.
_eautor
942 _cLIB
_2ddc
999 _c448
_d448